| 000 | 00508nam a2200181 a 4500 | ||
|---|---|---|---|
| 001 | 0296 | ||
| 005 | 20140414131941.0 | ||
| 008 | 040909s19uu xx 00 eng d | ||
| 020 | _a1-86504-130-0 | ||
| 050 |
_aTR 372.5 _bEa1 1999 |
||
| 245 |
_aEaster with lucky / _cillustrated by Janice Bowles. |
||
| 260 |
_aAustralia : _bScholastic Australia, _c1999. |
||
| 300 | _a32 p. : ill. ; cm. | ||
| 650 |
_aCreative activities _xJuvenile literature. |
||
| 999 |
_c112605 _d112605 |
||